000 00214nam a22000857a 4500
008 160701b xxu||||| |||| 00| 0 eng d
100 _91746
_a Kennedy, J
245 _aUnderstanding Sets
260 _aIndia
_bHeineman
_c1970
999 _c1452
_d1452